Brat Farrari (Record no. 1605)

000 -LEADER
fixed length control field 00471nam a22001697a 4500
005 - DATE AND TIME OF LATEST TRANSACTION
control field 20210423061400.0
008 - FIXED-LENGTH DATA ELEMENTS--GENERAL INFORMATION
fixed length control field 210221b1962 ||||| |||| 00| 0 eng d
040 ## - CATALOGING SOURCE
Transcribing agency DLC
080 ## - UNIVERSAL DECIMAL CLASSIFICATION NUMBER
Universal Decimal Classification number 821.111
Item number T-31
100 ## - MAIN ENTRY--PERSONAL NAME
9 (RLIN) 1024
Personal name Tey,Jozephine
245 ## - TITLE STATEMENT
Title Brat Farrari
260 ## - PUBLICATION, DISTRIBUTION, ETC.
Place of publication, distribution, etc. New York
Name of publisher, distributor, etc. berklei medallion book
Date of publication, distribution, etc. 1962
300 ## - PHYSICAL DESCRIPTION
Extent 192 p.:
650 #0 - SUBJECT ADDED ENTRY--TOPICAL TERM
9 (RLIN) 247
Topical term or geographic name entry element English literature
653 ## - INDEX TERM--UNCONTROLLED
Uncontrolled term ინგლოისური ლიტერატურა
942 ## - ADDED ENTRY ELEMENTS (KOHA)
Source of classification or shelving scheme
Koha item type Books
Holdings
Withdrawn status Lost status Source of classification or shelving scheme Damaged status Not for loan Permanent location Current location Date acquired Inventory number Total Checkouts Full call number Barcode Date last seen Price effective from Koha item type
          Ken Walker International University Ken Walker International University 02/21/2021 1738   821.111 T-31 1738 02/21/2021 02/21/2021 Books

Powered by Koha